[Event "Server24Chess 2012"]
[Site "St. Ulrich"]
[Date "2012.06.04"]
[Round "3"]
[White "Van Heirzeele, D."]
[Black "Bruno, Fabi"]
[Result "0-1"]
[WhiteElo "2160"]
[BlackElo "2447"]
[PlyCount "96"]
[EventDate "2012.06.??"]

1. d4 d5 2. c4 c6 3. cxd5 cxd5 4. Nc3 Nf6 5. Bf4 Nc6 6. Nf3 a6 7. e3 Qb6 8. a3
Bf5 9. Na4 Qd8 10. Be2 e6 11. Rc1 Ne4 12. O-O Bd6 13. Bxd6 Qxd6 14. b4 O-O 15.
Nc5 Nxc5 16. Rxc5 a5 17. b5 Ne7 18. Qd2 b6 19. Rc3 Rac8 20. Rfc1 f6 21. Nh4 Be4
22. f3 Bg6 23. Nxg6 hxg6 24. Rxc8 Rxc8 25. Rxc8+ Nxc8 26. Qc3 Ne7 27. e4 Kf7
28. g3 Ke8 29. Kf2 Kd7 30. Bd3 g5 31. Bc2 Qc7 32. Qxc7+ Kxc7 33. e5 fxe5 34.
dxe5 Kd8 35. Ke3 Ke8 36. f4 gxf4+ 37. gxf4 g6 38. Kf3 Kf7 39. Bd3 Kg7 40. Kg4
Kh6 41. h4 Nf5 42. Kh3 Ne3 43. Kg3 Nc4 44. a4 Nd2 45. Be2 Ne4+ 46. Kg2 Kg7 47.
Bd1 Nc3 48. Bc2 Ne2 0-1

[Event "Server24Chess 2012"]
[Site "St. Ulrich"]
[Date "2012.06.04"]
[Round "3"]
[White "Solomon, K."]
[Black "Zier, O."]
[Result "1-0"]
[WhiteElo "2429"]
[BlackElo "2121"]
[PlyCount "65"]
[EventDate "2012.06.??"]

1. d4 d5 2. c4 e6 3. Nc3 Be7 4. Bf4 Nf6 5. e3 O-O 6. Qc2 Nbd7 7. cxd5 exd5 8.
Nf3 c6 9. Bd3 Re8 10. h3 Nf8 11. O-O Ng6 12. Bh2 Bd6 13. Bxd6 Qxd6 14. a3 Qe7
15. Nd2 Nh4 16. Qd1 Bxh3 17. gxh3 Qd7 18. Ne2 Rxe3 19. fxe3 Qxh3 20. Nf4 Qg3+
21. Kh1 Ng4 22. Qe2 Re8 23. e4 f5 24. Nf3 Qxf4 25. Nxh4 Qh6 26. Qe1 fxe4 27.
Be2 Ne3 28. Qf2 Nxf1 29. Rxf1 Qe6 30. Bg4 Qe7 31. Nf5 Qc7 32. Nd6 Rd8 33. Be6+
1-0

[Event "Server24Chess 2012"]
[Site "St. Ulrich"]
[Date "2012.06.04"]
[Round "3"]
[White "Valsecchi, A."]
[Black "Schnell, F."]
[Result "1-0"]
[WhiteElo "2413"]
[BlackElo "1920"]
[PlyCount "85"]
[EventDate "2012.06.??"]

1. e4 d5 2. exd5 Nf6 3. c4 c6 4. Nc3 cxd5 5. cxd5 Nxd5 6. Nf3 Nc6 7. Bb5 Nxc3
8. bxc3 Bd7 9. O-O g6 10. Re1 Bg7 11. d4 O-O 12. Rb1 Be6 13. Qa4 Qc7 14. Ng5
Bf5 15. Rb2 a6 16. Bxc6 bxc6 17. Rbe2 Rfe8 18. Qc4 e5 19. dxe5 h6 20. e6 fxe6
21. Nxe6 Bxe6 22. Rxe6 Rxe6 23. Rxe6 Kh7 24. Bf4 Qb7 25. Qe4 Qf7 26. h4 h5 27.
Rxc6 Re8 28. Qa4 Re1+ 29. Kh2 Qe7 30. Bg3 Qe2 31. f3 Ra1 32. Qe4 Qxe4 33. fxe4
Rxa2 34. e5 a5 35. e6 Re2 36. Bf4 a4 37. Bg5 a3 38. e7 a2 39. Ra6 Bxc3 40. Rxa2
Be5+ 41. Kg1 Re1+ 42. Kf2 Bc3 43. Re2 1-0

[Event "Server24Chess 2012"]
[Site "St. Ulrich"]
[Date "2012.06.04"]
[Round "3"]
[White "Kottenhoff, Roland"]
[Black "Bertagnolli, A."]
[Result "0-1"]
[WhiteElo "2138"]
[BlackElo "2370"]
[PlyCount "60"]
[EventDate "2012.06.??"]

1. e4 c5 2. Nf3 g6 3. d4 cxd4 4. Nxd4 Bg7 5. Be3 Nf6 6. Nc3 Nc6 7. Be2 O-O 8.
O-O d6 9. Qd2 Qa5 10. Nb3 Qc7 11. f4 Bg4 12. Bd3 Be6 13. f5 Bxb3 14. cxb3 d5
15. exd5 Ne5 16. h3 Qa5 17. Be2 Rfd8 18. Rad1 Rd7 19. Bf4 Nc6 20. Bf3 Rad8 21.
fxg6 hxg6 22. Qf2 Nb4 23. d6 e5 24. Be3 Rxd6 25. Rxd6 Rxd6 26. Bxb7 Nd3 27. Qe2
Qb4 28. Ba6 Nxb2 29. Qxb2 Rxa6 30. Na4 Rxa4 0-1

[Event "Server24Chess 2012"]
[Site "St. Ulrich"]
[Date "2012.06.04"]
[Round "3"]
[White "Trefzer, E."]
[Black "Molina, Fa"]
[Result "0-1"]
[WhiteElo "2052"]
[BlackElo "2269"]
[PlyCount "36"]
[EventDate "2012.06.??"]

1. e4 d6 2. Nc3 Nf6 3. f4 d5 4. e5 d4 5. exf6 dxc3 6. fxe7 cxd2+ 7. Bxd2 Bxe7
8. Nf3 O-O 9. Bd3 Bc5 10. h3 Re8+ 11. Kf1 Qf6 12. c3 Bf5 13. Qc2 Bxd3+ 14. Qxd3
h6 15. Qb5 Na6 16. g3 Qg6 17. Re1 c6 18. Qc4 b5 0-1

[Event "Server24Chess 2012"]
[Site "St. Ulrich"]
[Date "2012.06.04"]
[Round "3"]
[White "Thorsteinsson, T."]
[Black "Turrin, O."]
[Result "1-0"]
[WhiteElo "2248"]
[BlackElo "2036"]
[PlyCount "105"]
[EventDate "2012.06.??"]

1. d4 d5 2. c4 e6 3. Nc3 Nf6 4. cxd5 exd5 5. Bg5 Be7 6. Qc2 c6 7. e3 Nbd7 8.
Bd3 Nf8 9. Nge2 Ne6 10. Bh4 g6 11. f3 O-O 12. O-O Ng7 13. Kh1 Bf5 14. Bf2 Bxd3
15. Qxd3 Ne6 16. Rad1 Qd7 17. h3 Rad8 18. Bg1 Nh5 19. e4 Nhf4 20. Nxf4 Nxf4 21.
Qd2 Ne6 22. e5 f5 23. f4 Bb4 24. a3 Bxc3 25. Qxc3 Rc8 26. Qd2 Qd8 27. Rf3 Qb6
28. Bf2 a5 29. a4 Rf7 30. Kh2 Ra8 31. h4 h5 32. Rb1 Kh7 33. g3 Rd7 34. Rd3 Rf7
35. Kg2 Rd7 36. Kf3 Rf7 37. b4 axb4 38. Rxb4 Qc7 39. Rdb3 Ra7 40. Qb2 Rd7 41.
Ra3 Qd8 42. Rb6 Qe7 43. a5 Nd8 44. Be1 c5 45. Qb5 Nc6 46. Bf2 cxd4 47. Ra4 Kh6
48. a6 Nxe5+ 49. fxe5 Qxe5 50. Rxd4 bxa6 51. Qc6 Qg7 52. Be3+ Kh7 53. Rxa6 1-0

[Event "Server24Chess 2012"]
[Site "St. Ulrich"]
[Date "2012.06.04"]
[Round "3"]
[White "Blaeser, R."]
[Black "Viviani, A."]
[Result "0-1"]
[WhiteElo "1991"]
[BlackElo "2094"]
[PlyCount "28"]
[EventDate "2012.06.??"]

1. g3 c5 2. Bg2 Nf6 3. Nf3 d5 4. d3 g6 5. Nbd2 Bg7 6. e4 O-O 7. O-O Nc6 8. c3
dxe4 9. dxe4 Qd3 10. Ne1 Qa6 11. Qc2 Rd8 12. Ndf3 Be6 13. b3 Nxe4 14. Be3 Nxc3
0-1

[Event "Server24Chess 2012"]
[Site "St. Ulrich"]
[Date "2012.06.04"]
[Round "3"]
[White "Lasinskas, P."]
[Black "Bianco, V."]
[Result "0-1"]
[WhiteElo "2194"]
[BlackElo "2132"]
[PlyCount "102"]
[EventDate "2012.06.??"]

1. d4 d5 2. Nf3 c6 3. e3 Nf6 4. Bd3 Bg4 5. Nbd2 Nbd7 6. b3 e5 7. dxe5 Nxe5 8.
Bb2 Nxd3+ 9. cxd3 Be7 10. Qc2 O-O 11. O-O Re8 12. Ne5 Bh5 13. h3 Nd7 14. f4 f6
15. Nxd7 Qxd7 16. Nf3 Bd6 17. Rae1 Bf7 18. Rf2 c5 19. Nd2 Qc7 20. g3 Rac8 21.
Kh2 c4 22. Bd4 cxd3 23. Qxd3 Qc2 24. Qb5 Bc5 25. Rfe2 b6 26. a4 Bxd4 27. exd4
Rxe2+ 28. Rxe2 Qd1 29. Nf3 g6 30. Kg2 Rc1 31. g4 Rc3 32. b4 Kg7 33. g5 Rd3 34.
gxf6+ Kxf6 35. Kf2 Ra3 36. a5 Qb3 37. Ne1 Qg3+ 38. Kf1 Qxh3+ 39. Kg1 Qg3+ 40.
Kf1 Qh3+ 41. Kg1 bxa5 42. bxa5 Kg7 43. Qb8 Re3 44. Kf2 Qg3+ 45. Kf1 Qh3+ 46.
Kf2 Rg3 47. Qe5+ Kh6 48. Nc2 Qh4 49. Qd6 Rh3+ 50. Kf1 Rh1+ 51. Kg2 Qh3+ 0-1

[Event "Server24Chess 2012"]
[Site "St. Ulrich"]
[Date "2012.06.04"]
[Round "3"]
[White "Simeone, G."]
[Black "Bernardi, R."]
[Result "0-1"]
[WhiteElo "1972"]
[BlackElo "2149"]
[PlyCount "104"]
[EventDate "2012.06.??"]

1. c4 c5 2. Nf3 Nf6 3. e3 Nc6 4. d4 b6 5. d5 Na5 6. Nc3 g6 7. e4 d6 8. Bg5 Bg7
9. Bd3 Bg4 10. h3 Bd7 11. e5 dxe5 12. Nxe5 Nxd5 13. Nxd5 Bxe5 14. Bxe7 Qb8 15.
Qe2 Be6 16. Bf6 Bxf6 17. Nxf6+ Ke7 18. Nd5+ Kf8 19. O-O Bxd5 20. cxd5 Qd6 21.
Rfe1 Rd8 22. Rad1 Kg7 23. Bb5 Qf6 24. Rd3 Rhf8 25. Rf3 Qg5 26. Qe7 Qxe7 27.
Rxe7 Rxd5 28. Rxa7 c4 29. Bd7 Kg8 30. Ba4 Rd6 31. Rc7 Rd5 32. Ra7 Rd2 33. Rc3
Rxb2 34. Rc2 Rb1+ 35. Kh2 Rb4 36. Bd7 Rd8 37. Bg4 Nc6 38. Rc7 Ne5 39. Be2 b5
40. Kg3 Rd6 41. f4 Nc6 42. Kf2 Rf6 43. Ke3 Re6+ 44. Kd2 Nd4 45. Bg4 f5 46. Bf3
Rd6 47. Rc8+ Kg7 48. Rc1 Ra4 49. Kc3 Nxf3 50. gxf3 Rd3+ 51. Kb2 Rxf3 52. Rc5
Rb4+ 0-1

[Event "Server24Chess 2012"]
[Site "St. Ulrich"]
[Date "2012.06.04"]
[Round "3"]
[White "Battistella, S."]
[Black "De Napoli, G."]
[Result "1/2-1/2"]
[WhiteElo "2104"]
[BlackElo "2057"]
[PlyCount "102"]
[EventDate "2012.06.??"]

1. g3 Nf6 2. d4 g6 3. Bg2 Bg7 4. e4 d6 5. Ne2 O-O 6. Nbc3 c5 7. O-O e5 8. d5
Na6 9. h3 Nc7 10. a4 b6 11. Nb5 a6 12. Nxc7 Qxc7 13. c4 Bd7 14. Nc3 b5 15. axb5
axb5 16. Rxa8 Rxa8 17. cxb5 Qa5 18. Qd3 Qb4 19. Rd1 c4 20. Qc2 Bxb5 21. Nxb5
Qxb5 22. Re1 Ra2 23. Bf1 Qb4 24. Rd1 c3 25. Qxc3 Qxc3 26. bxc3 Nxe4 27. Be3 Bf8
28. c4 f5 29. Bd3 Nf6 30. c5 dxc5 31. d6 Kg7 32. Bb5 Rb2 33. d7 Be7 34. Bxc5
Bd8 35. Ba6 Rc2 36. Bb4 Kf7 37. Bd3 Rc7 38. Bb5 Rc2 39. Ba4 Rb2 40. Bc3 Rb7 41.
Bxe5 Ke6 42. Bxf6 Kxf6 43. Re1 Be7 44. Re3 Rb6 45. Rd3 Bd8 46. f4 Rb4 47. Bb3
Ke7 48. h4 h6 49. Kg2 Bb6 50. Kf3 Rd4 51. Rxd4 Bxd4 1/2-1/2

[Event "Server24Chess 2012"]
[Site "St. Ulrich"]
[Date "2012.06.04"]
[Round "3"]
[White "Roesch, Mario"]
[Black "Schaefer, Mi1"]
[Result "0-1"]
[WhiteElo "1980"]
[BlackElo "2179"]
[PlyCount "80"]
[EventDate "2012.06.??"]

1. e4 c5 2. Nf3 g6 3. d4 cxd4 4. Qxd4 Nf6 5. Nc3 Nc6 6. Qd1 Bg7 7. Bg5 h6 8.
Bf4 d6 9. Qd2 g5 10. Bg3 Nh5 11. Bd3 a6 12. O-O g4 13. Ne1 Nxg3 14. fxg3 Qb6+
15. Kh1 Qxb2 16. Nd5 Qxa1 17. Nc7+ Kd8 18. Nxa8 Be6 19. Nb6 Qd4 20. Nd5 Bxd5
21. exd5 Qxd5 22. Qf2 Kc7 23. a3 Ne5 24. Qe2 Qa5 25. Bf5 h5 26. Nd3 e6 27. Nxe5
Qxe5 28. Qc4+ Qc5 29. Qxc5+ dxc5 30. Bxg4 f5 31. Bf3 b5 32. Rb1 Bd4 33. a4 b4
34. Be2 a5 35. Bc4 Kd6 36. Rf1 h4 37. g4 fxg4 38. Rf7 Rh5 39. h3 g3 40. Ra7 Re5
0-1

[Event "Server24Chess 2012"]
[Site "St. Ulrich"]
[Date "2012.06.04"]
[Round "3"]
[White "Waldner, M."]
[Black "Van Foreest, Lucas"]
[Result "1-0"]
[WhiteElo "2068"]
[BlackElo "1960"]
[PlyCount "109"]
[EventDate "2012.06.??"]

1. d4 Nf6 2. c4 g6 3. Nc3 Bg7 4. e4 d6 5. f3 O-O 6. Be3 e5 7. Qd2 Nc6 8. d5 Ne7
9. Nge2 Ne8 10. g4 f5 11. gxf5 gxf5 12. O-O-O f4 13. Bf2 Nf6 14. Kb1 Ng6 15.
Nc1 b6 16. Nd3 Bd7 17. Rc1 Qe8 18. h4 Nh5 19. Bh3 a5 20. Bxd7 Qxd7 21. Rcg1 Bf6
22. Rg4 Kh8 23. Be1 Rg8 24. Ne2 Rg7 25. Nf2 Rag8 26. Nh3 Nf8 27. Nf2 Ng3 28.
Nxg3 fxg3 29. Rxg7 Qxg7 30. Ng4 h5 31. Nh6 Bxh4 32. Nxg8 g2 33. Rg1 Bxe1 34.
Qxe1 Qxg8 35. Qf2 Kh7 36. Rxg2 Ng6 37. Rg5 h4 38. Rh5+ Kg7 39. Qg2 Qd8 40. Qg4
Qe7 41. Kc2 Qf7 42. Rg5 Qf6 43. Rf5 Qe7 44. Kd2 Qd7 45. Ke3 c6 46. Rg5 Qxg4 47.
Rxg4 c5 48. Kf2 Kh6 49. Kg2 Kh5 50. Kh2 a4 51. Kh3 Nf4+ 52. Rxf4 exf4 53. e5
Kg6 54. e6 a3 55. b3 1-0

[Event "Server24Chess 2012"]
[Site "St. Ulrich"]
[Date "2012.06.04"]
[Round "3"]
[White "Lehnert, M."]
[Black "Rubini, A."]
[Result "1-0"]
[WhiteElo "2026"]
[BlackElo "1926"]
[PlyCount "53"]
[EventDate "2012.06.??"]

1. c4 e5 2. Nc3 d6 3. g3 f5 4. Bg2 Nf6 5. d3 c6 6. e3 g6 7. Nge2 Bg7 8. b4 O-O
9. Rb1 Be6 10. O-O d5 11. cxd5 Nxd5 12. b5 e4 13. d4 Nxc3 14. Nxc3 cxb5 15. Ba3
Re8 16. Nxb5 Bf8 17. Bxf8 Rxf8 18. Qc2 Qd7 19. Rfc1 a6 20. Nc7 Rc8 21. Qc5 Bxa2
22. Rxb7 a5 23. Nxa8 Rxc5 24. Rxb8+ Kg7 25. Rxc5 Qa4 26. Rc1 Bc4 27. Nb6 1-0

[Event "Server24Chess 2012"]
[Site "St. Ulrich"]
[Date "2012.06.04"]
[Round "3"]
[White "Villa, G."]
[Black "Giuriato, S."]
[Result "1/2-1/2"]
[WhiteElo "1936"]
[BlackElo "1994"]
[PlyCount "38"]
[EventDate "2012.06.??"]

1. d4 Nf6 2. Nf3 d5 3. c4 e6 4. Bg5 Be7 5. e3 Nbd7 6. Nc3 O-O 7. Rc1 c6 8. Bd3
h6 9. Bh4 dxc4 10. Bxc4 Nd5 11. Bxe7 Qxe7 12. Ne4 N5f6 13. Ng3 Qb4+ 14. Qd2
Qxd2+ 15. Nxd2 e5 16. Nf3 exd4 17. Nxd4 Ne5 18. Be2 a5 19. O-O a4 1/2-1/2

[Event "Server24Chess 2012"]
[Site "St. Ulrich"]
[Date "2012.06.05"]
[Round "4"]
[White "Romanishin, O."]
[Black "Ernst, S."]
[Result "0-1"]
[WhiteElo "2511"]
[BlackElo "2554"]
[PlyCount "136"]
[EventDate "2012.06.??"]

1. Nf3 d5 2. d4 c6 3. c4 Nf6 4. Nc3 dxc4 5. a4 e6 6. e3 c5 7. Bxc4 Nc6 8. O-O
Be7 9. dxc5 Qxd1 10. Rxd1 Bxc5 11. Bd2 Bd7 12. a5 Ke7 13. h3 Rhc8 14. Be2 Be8
15. Ne1 Kf8 16. Nd3 Be7 17. Bf3 Rab8 18. Na4 Nd7 19. Be2 Bf6 20. Bc3 Bxc3 21.
Nxc3 Nce5 22. Nxe5 Nxe5 23. Rd4 Rc5 24. Rb4 Nc6 25. Rb5 Rxb5 26. Bxb5 a6 27.
Bxc6 Bxc6 28. Rd1 Ke7 29. f3 Rc8 30. Rd4 e5 31. Rd2 f5 32. Kf2 Ke6 33. f4 h6
34. Ne2 g5 35. Rc2 Rd8 36. fxe5 Kxe5 37. Nd4 Be4 38. Rc7 Re8 39. g3 f4 40.
gxf4+ gxf4 41. Nf3+ Kd6 42. Rc3 fxe3+ 43. Rxe3 Kc5 44. h4 Kb4 45. Nd2 Bc6 46.
Rg3 Rf8+ 47. Ke3 Re8+ 48. Kf2 Kxa5 49. Rg6 h5 50. Rg5+ Bb5 51. Nb3+ Kb4 52. Nd4
Bc4 53. Rxh5 Re4 54. Nc2+ Kb3 55. Ne3 Bb5 56. Rh7 Bc6 57. h5 Rf4+ 58. Ke2 Kxb2
59. h6 Rh4 60. Nf5 Rh3 61. Nd6 b5 62. Rh8 b4 63. h7 Bb5+ 64. Nxb5 axb5 65. Kd2
b3 66. Ke2 Kb1 67. Kd2 b2 68. Ke2 Kc2 0-1

[Event "Server24Chess 2012"]
[Site "St. Ulrich"]
[Date "2012.06.05"]
[Round "4"]
[White "Saravanan, V1."]
[Black "Arun Prasad, S."]
[Result "0-1"]
[WhiteElo "2401"]
[BlackElo "2519"]
[PlyCount "100"]
[EventDate "2012.06.??"]

1. Nf3 c5 2. c4 Nc6 3. d4 cxd4 4. Nxd4 e6 5. g3 Qb6 6. Nc2 Bc5 7. e3 Nf6 8. Bg2
d5 9. O-O dxc4 10. Nba3 e5 11. Nxc4 Qc7 12. b4 Bg4 13. Qe1 Be6 14. Qc3 Nxb4 15.
Nxb4 Bxb4 16. Qxb4 Qxc4 17. Qa3 Bd5 18. Bb2 Bxg2 19. Kxg2 Qd5+ 20. Kg1 Rd8 21.
Rac1 Ne4 22. f3 Nd2 23. Rc7 Rd6 24. e4 Qb5 25. Rf2 Nc4 26. Qc3 Rc6 27. Rxc6
Qxc6 28. Ba3 Kd7 29. f4 Kc8 30. fxe5 Rd8 31. Bd6 Nxd6 32. Qxc6+ bxc6 33. exd6
f6 34. Rd2 Kd7 35. Kf2 Ke6 36. Rb2 Kxd6 37. Ke3 Rd7 38. g4 c5 39. h4 h6 40. g5
hxg5 41. hxg5 fxg5 42. Rg2 Kc6 43. Rxg5 c4 44. Rg2 Kc5 45. Rc2 Rd3+ 46. Kf4 c3
47. e5 Kd5 48. Re2 Rd2 49. Re3 c2 50. Rc3 Rd4+ 0-1

[Event "Server24Chess 2012"]
[Site "St. Ulrich"]
[Date "2012.06.05"]
[Round "4"]
[White "Rotstein, A."]
[Black "Gretarsson, Hj"]
[Result "1/2-1/2"]
[WhiteElo "2512"]
[BlackElo "2477"]
[PlyCount "66"]
[EventDate "2012.06.??"]

1. e4 c5 2. Nc3 a6 3. g3 b5 4. Bg2 Bb7 5. d3 e6 6. f4 Nf6 7. Nf3 d5 8. e5 d4 9.
exf6 dxc3 10. fxg7 Bxg7 11. b3 Nc6 12. O-O Nd4 13. Be3 Qd7 14. Bxd4 Bxd4+ 15.
Kh1 O-O-O 16. Qe2 h5 17. a4 b4 18. Rae1 Rdg8 19. Nxd4 cxd4 20. Bxb7+ Qxb7+ 21.
Qe4 h4 22. Kg2 Rh5 23. Qxb7+ Kxb7 24. Re5 Rxe5 25. fxe5 hxg3 26. Rxf7+ Kc6 27.
hxg3 Rg5 28. Ra7 Kb6 29. Rd7 Kc5 30. Rc7+ Kd5 31. Rd7+ Kc5 32. Rc7+ Kd5 33.
Rd7+ Kc5 1/2-1/2

[Event "Server24Chess 2012"]
[Site "St. Ulrich"]
[Date "2012.06.05"]
[Round "4"]
[White "Gleizerov, E."]
[Black "Valsecchi, A."]
[Result "1/2-1/2"]
[WhiteElo "2570"]
[BlackElo "2413"]
[PlyCount "84"]
[EventDate "2012.06.??"]

1. d4 Nf6 2. c4 g6 3. Nc3 d5 4. cxd5 Nxd5 5. Bd2 Nb6 6. Nf3 Bg7 7. Rc1 O-O 8.
Bg5 Na6 9. e3 c5 10. dxc5 Bxc3+ 11. bxc3 Nxc5 12. Qxd8 Rxd8 13. Bxe7 Nd3+ 14.
Bxd3 Rxd3 15. Ke2 Rd5 16. Nd4 Bg4+ 17. f3 Re8 18. Bf6 Bd7 19. Nb3 Nc4 20. e4
Bb5 21. Kf2 Rd6 22. Nd4 Rxf6 23. Nxb5 Rxe4 24. Nxa7 Re5 25. Rhe1 Ra6 26. Nc8
Rxa2+ 27. Kg1 Ne3 28. Kh1 Re6 29. Nd6 Rxd6 30. Rxe3 Rdd2 31. Rg1 Rdc2 32. h3
Rab2 33. Re7 Rxc3 34. Rd1 Rc8 35. h4 b5 36. Rdd7 Rf8 37. Kh2 Rc2 38. Rd5 Rb8
39. Rdd7 Rf8 40. Rd5 Rc4 41. Kg3 b4 42. Rb5 h5 1/2-1/2

[Event "Server24Chess 2012"]
[Site "St. Ulrich"]
[Date "2012.06.05"]
[Round "4"]
[White "Antoniewski, R."]
[Black "Bertagnolli, A."]
[Result "1-0"]
[WhiteElo "2536"]
[BlackElo "2370"]
[PlyCount "73"]
[EventDate "2012.06.??"]

1. e4 c5 2. Nf3 d6 3. d4 cxd4 4. Nxd4 Nf6 5. Nc3 a6 6. h3 e5 7. Nde2 b5 8. g4
Bb7 9. Bg2 Nbd7 10. Ng3 Nb6 11. O-O Rc8 12. g5 Rxc3 13. bxc3 Nfd7 14. c4 Nxc4
15. a4 h6 16. axb5 axb5 17. Qg4 g6 18. Ne2 b4 19. Rb1 Qb6 20. Nc3 hxg5 21. Nd5
Bxd5 22. exd5 Qc5 23. Bxg5 f5 24. Qg3 Kf7 25. c3 bxc3 26. Rfc1 e4 27. Rxc3 Qxd5
28. Qf4 Bg7 29. Bxe4 Qxe4 30. Qxe4 fxe4 31. Rxc4 d5 32. Rc6 Ne5 33. Rb7+ Kg8
34. Rcc7 Bf8 35. Bf6 Rh5 36. Rc8 Nf3+ 37. Kf1 1-0

[Event "Server24Chess 2012"]
[Site "St. Ulrich"]
[Date "2012.06.05"]
[Round "4"]
[White "Ulibin, M."]
[Black "Borgo, G."]
[Result "1-0"]
[WhiteElo "2519"]
[BlackElo "2395"]
[PlyCount "113"]
[EventDate "2012.06.??"]

1. d4 d5 2. c4 e6 3. Nf3 Nf6 4. g3 dxc4 5. Bg2 c5 6. O-O $2 cxd4 7. Qxd4 Qxd4
8. Nxd4 a6 9. Nd2 Bc5 10. Nc2 c3 11. bxc3 Nbd7 12. Nb3 Be7 13. Rb1 Nd5 14. Bd2
b5 15. Na5 N7b6 16. c4 Nxc4 17. Nxc4 bxc4 18. Ne3 O-O $2 19. Nxd5 exd5 20. Bxd5
Bh3 21. Bxa8 Bxf1 22. Kxf1 Rxa8 23. Rb7 Bd8 24. Ke1 Kf8 25. Bc3 g6 26. Kd2 Ke8
27. e4 Rc8 28. f4 Rc6 29. Kc2 h5 30. Ra7 Re6 31. e5 Rc6 32. h3 Bc7 33. g4 hxg4
34. hxg4 Kd8 35. Ra8+ Kd7 36. Rf8 Ke6 37. Re8+ Kd7 38. Rg8 Rc5 39. Bb4 Rb5 40.
Bc3 Ba5 41. a4 Rd5 42. Ra8 g5 43. Rxa6 Bxc3 44. Kxc3 gxf4 45. Rf6 Rd3+ 46. Kxc4
Ra3 47. Kb4 Rf3 48. Rxf7+ Ke6 49. Rf5 Kd5 50. a5 Rf1 51. Kb5 Rb1+ 52. Ka6 Ke4
53. e6 Re1 54. Rf6 Kf3 55. g5 Kg4 56. g6 Rc1 57. g7 1-0

[Event "Server24Chess 2012"]
[Site "St. Ulrich"]
[Date "2012.06.05"]
[Round "4"]
[White "Friedrich, N."]
[Black "Kveinys, A."]
[Result "0-1"]
[WhiteElo "2309"]
[BlackElo "2512"]
[PlyCount "132"]
[EventDate "2012.06.??"]

1. e4 c5 2. Nf3 e6 3. c3 Nf6 4. e5 Nd5 5. Bc4 d6 6. d4 cxd4 7. cxd4 Nc6 8. O-O
Be7 9. Qe2 O-O 10. Nc3 Nxc3 11. bxc3 dxe5 12. dxe5 Qa5 13. Bd2 Rd8 14. Rfe1 Bd7
15. Bb3 Be8 16. Rac1 Ba3 17. Rb1 Bf8 18. Ra1 Be7 19. Rac1 Ba3 20. Rb1 Bf8 21.
h4 Rab8 22. h5 Ne7 23. Nd4 Ba4 24. Bc4 Nc6 25. Nf3 Bc2 26. Rb5 Qa4 27. Bb3 Bxb3
28. axb3 Qg4 29. h6 gxh6 30. Ra1 a6 31. Rb6 Bc5 32. Rxc6 bxc6 33. b4 Bf8 34.
Rxa6 c5 35. b5 c4 36. Rc6 Rdc8 37. Rxc8 Rxc8 38. Be3 Qe4 39. b6 Ra8 40. Qb2 Qd5
41. Qb1 Rb8 42. Qa2 Bc5 43. Qa7 Rxb6 44. Bxc5 Qxc5 45. Qa8+ Kg7 46. Qd8 Rb1+
47. Kh2 Qd5 48. Qf6+ Kg8 49. Qxh6 Qd3 50. Qf4 Rb2 51. Nh4 h6 52. Nf3 Qg6 53.
Kg1 Rb1+ 54. Kh2 Qh5+ 55. Kg3 Rh1 56. Qxc4 Qg6+ 57. Qg4 Qxg4+ 58. Kxg4 Rc1 59.
Nd2 Rxc3 60. Ne4 Rc4 61. f3 Kg7 62. Kh5 Ra4 63. Nf6 Ra2 64. g3 Rh2+ 65. Kg4 Kg6
66. Kf4 h5 0-1

[Event "Server24Chess 2012"]
[Site "St. Ulrich"]
[Date "2012.06.05"]
[Round "4"]
[White "Molina, Fa"]
[Black "Mogranzini, R."]
[Result "0-1"]
[WhiteElo "2269"]
[BlackElo "2461"]
[PlyCount "80"]
[EventDate "2012.06.??"]

1. d4 Nf6 2. c4 c5 3. Nf3 g6 4. Nc3 cxd4 5. Nxd4 Bg7 6. e4 Nc6 7. Be3 O-O 8.
Be2 d6 9. h3 Bd7 10. O-O Nxd4 11. Bxd4 Bc6 12. Qd3 a5 13. Rad1 Nd7 14. Bxg7
Kxg7 15. Nd5 Bxd5 16. exd5 Qb6 17. Qc3+ Nf6 18. h4 h5 19. Rd3 Rfc8 20. Rfd1 Qb4
21. b3 Qxc3 22. Rxc3 b5 23. Re3 bxc4 24. Bxc4 Kf8 25. Rd4 Rc5 26. f3 Rc7 27.
Bb5 Rc2 28. Bc6 Rb8 29. g4 hxg4 30. fxg4 Rxa2 31. h5 g5 32. Red3 Rb2 33. Ba4
Rc8 34. Bc6 e5 35. Rc4 e4 36. Re3 Kg7 37. Rcc3 Rb8 38. Kf1 Rb4 39. Rg3 Rd4 40.
Ke1 Rdd2 0-1

[Event "Server24Chess 2012"]
[Site "St. Ulrich"]
[Date "2012.06.05"]
[Round "4"]
[White "Bruno, Fabi"]
[Black "Thorsteinsson, T."]
[Result "1/2-1/2"]
[WhiteElo "2447"]
[BlackElo "2248"]
[PlyCount "141"]
[EventDate "2012.06.??"]

1. Nf3 Nf6 2. c4 e6 3. g3 d5 4. b3 Be7 5. Bg2 O-O 6. O-O c6 7. Bb2 Nbd7 8. d3
a5 9. a3 b5 10. Nbd2 Ba6 11. cxd5 cxd5 12. Rc1 Qb6 13. Bd4 Qb7 14. Ra1 Rfc8 15.
Qb1 Qc7 16. Qb2 Qc2 17. Rfc1 Qxb2 18. Bxb2 Nc5 19. Rc2 Bb7 20. Rac1 Nfd7 21.
Bf1 b4 22. axb4 axb4 23. e3 Na6 24. d4 Rxc2 25. Rxc2 Rc8 26. Rxc8+ Bxc8 27. Bd3
Nc7 28. Kf1 Ba6 29. Ne1 Nb8 30. Ke2 Nc6 31. Bxa6 Nxa6 32. Kd3 Nc7 33. Kc2 Kf8
34. Nd3 Na6 35. g4 f6 36. Nf3 Kf7 37. h3 g5 38. Ng1 Nab8 39. Ne2 Nd7 40. f3 h6
41. Bc1 Kg6 42. Bd2 h5 43. e4 hxg4 44. hxg4 dxe4 45. fxe4 f5 46. d5 fxe4 47.
Ndf4+ gxf4 48. Nxf4+ Kf7 49. dxc6 Nb6 50. Kd1 Bd6 51. Ke2 Nc8 52. Ke3 Ne7 53.
Kxe4 Nxc6 54. Nd3 Na5 55. Nc1 Kg6 56. Be3 Kf6 57. Bb6 Nc6 58. Nd3 Kg6 59. Ke3
Kg5 60. Kf3 Kf6 61. Ke3 Kg5 62. Kf3 Kf6 63. Bc5 Bxc5 64. Nxc5 Ke5 65. Ke3 Kd5
66. Nd3 e5 67. g5 e4 68. Nf4+ Ke5 69. g6 Kf6 70. Kxe4 Na5 71. Nd3 1/2-1/2

[Event "Server24Chess 2012"]
[Site "St. Ulrich"]
[Date "2012.06.05"]
[Round "4"]
[White "Petkov, V."]
[Black "Zucchelli, M."]
[Result "1-0"]
[WhiteElo "2512"]
[BlackElo "2169"]
[PlyCount "31"]
[EventDate "2012.06.??"]

1. Nf3 Nf6 2. c4 e6 3. g3 d5 4. Bg2 c6 5. b3 Nbd7 6. O-O Bd6 7. Bb2 e5 8. cxd5
Nxd5 9. e4 Nc7 10. d4 Qe7 11. Nbd2 O-O 12. Nc4 f6 13. Nxd6 Qxd6 14. dxe5 Qe7
15. Qd6 Qxd6 16. exd6 1-0

[Event "Server24Chess 2012"]
[Site "St. Ulrich"]
[Date "2012.06.05"]
[Round "4"]
[White "Fierro Baquero, M."]
[Black "Bernardi, R."]
[Result "1-0"]
[WhiteElo "2377"]
[BlackElo "2149"]
[PlyCount "73"]
[EventDate "2012.06.??"]

1. c4 Nf6 2. g3 c6 3. Nf3 d5 4. Bg2 Bf5 5. cxd5 cxd5 6. Ne5 Nbd7 7. d4 Qc7 8.
Nc3 e6 9. O-O Bb4 10. Bf4 Qa5 11. Nxd7 Nxd7 12. e4 dxe4 13. Nxe4 Bxe4 14. Bxe4
Nf6 15. Bxb7 O-O 16. a3 Be7 17. Bxa8 Rxa8 18. Rc1 Nd5 19. Qd2 Qa4 20. Rfd1 h6
21. Be3 Bf6 22. Qc2 Qd7 23. Qc6 Qd8 24. Rc2 Ne7 25. Qb7 a5 26. Rdc1 a4 27. Bf4
Kh7 28. Bc7 Qe8 29. Be5 Bxe5 30. dxe5 Rb8 31. Qe4+ Kg8 32. Rc7 Nd5 33. R7c4 g6
34. Qc2 Kg7 35. Qxa4 Qd8 36. Qc2 Qg5 37. Re1 1-0

[Event "Server24Chess 2012"]
[Site "St. Ulrich"]
[Date "2012.06.05"]
[Round "4"]
[White "Bianco, V."]
[Black "Dittmar, P."]
[Result "1/2-1/2"]
[WhiteElo "2132"]
[BlackElo "2297"]
[PlyCount "54"]
[EventDate "2012.06.??"]

1. e4 e6 2. d4 d5 3. Nd2 c5 4. exd5 exd5 5. Ngf3 Nc6 6. Bb5 Bd6 7. dxc5 Bxc5 8.
O-O $2 Nge7 9. Nb3 Bb6 10. c3 O-O $2 11. Re1 Nf5 12. Bd3 h6 13. Bc2 Be6 14. Qd3
g6 15. Bxh6 Nxh6 16. Rxe6 Qd7 17. Re2 Rad8 18. Nbd4 Kg7 19. Rae1 Qg4 20. h3 Qh5
21. Nxc6 bxc6 22. Re5 Nf5 23. Nd4 Bxd4 24. cxd4 Qh4 25. g4 Nd6 26. Qg3 Qxg3+
27. fxg3 Rb8 1/2-1/2

[Event "Server24Chess 2012"]
[Site "St. Ulrich"]
[Date "2012.06.05"]
[Round "4"]
[White "Schaefer, Mi1"]
[Black "Waldner, M."]
[Result "1-0"]
[WhiteElo "2179"]
[BlackElo "2068"]
[PlyCount "49"]
[EventDate "2012.06.??"]

1. d4 Nf6 2. c4 g6 3. Nc3 Bg7 4. Nf3 O-O 5. h3 d6 6. Bf4 c6 7. e3 Nbd7 8. Be2
Re8 9. O-O b6 10. Rc1 Bb7 11. Bh2 e5 12. b4 Qe7 13. Qb3 a6 14. c5 dxc5 15. bxc5
exd4 16. exd4 b5 17. Bd6 Qd8 18. Bc4 bxc4 19. Qxb7 Qc8 20. Qb4 Nd5 21. Qxc4
N7f6 22. Nxd5 Nxd5 23. Rb1 Bf8 24. Ne5 f6 25. Nxc6 1-0